00685nam a2200205Ia 4500001002400000003000900024008004100033040002300074041001300097100001900110240004100129245005400170250001500224260002700239300001800266500002800284501012400312520000900436700003400445296.2-FLU da fo (22731)IT-MiSPE171229s9999||||xx |||||||||||||| ||und|| aIT-MiSPEcIT-MiSPE aITALIANO aDavid Flusser  aJewish sources in early christianity 0aLe fonti ebraiche del cristianesimo delle origini a1a ed. (v) aMilanobGribaudic2005 a80 p. c19 cm aEbraismo e critianesimo aEdizioni San Paolo srl - Piazza Soncino, 5 - 20092 CINISELLO BALSAMO (MI) (non commercial uses only) ® Copyright 2018 aIll. aRoberto Tonettig(traduzione)